<?xml version="1.0" encoding="utf-8"?>
<?xml-stylesheet type='text/xsl' href='./oai2.xsl'?>
<OAI-PMH xmlns="http://www.openarchives.org/OAI/2.0/" xmlns:xsi="http://www.w3.org/2001/XMLSchema-instance" xsi:schemaLocation="http://www.openarchives.org/OAI/2.0/ http://www.openarchives.org/OAI/2.0/OAI-PMH.xsd">
  <responseDate>2026-05-16T02:04:09Z</responseDate>
  <request verb="GetRecord" metadataPrefix="marcxml" identifier="record_kuniweb_172178">https://kulturerbe.niedersachsen.de/oai</request>
  <GetRecord>
    <record>
      <header>
        <identifier>record_kuniweb_172178</identifier>
        <datestamp>2026-03-31T19:09:18Z</datestamp>
        <setSpec>slg0233</setSpec>
      </header>
      <metadata>
        <marc:record xmlns:marc="http://www.loc.gov/MARC21/slim" xsi:schemaLocation="http://www.loc.gov/MARC21/slim http://www.loc.gov/standards/marcxml/schema/MARC21slim.xsd">
          <marc:leader>12345nkm  22     uu 4500</marc:leader>
          <marc:controlfield tag="001">172178</marc:controlfield>
          <marc:controlfield tag="003">http://kuniweb.gbv.de</marc:controlfield>
          <marc:controlfield tag="005">2022-04-29T08:48:37</marc:controlfield>
          <marc:controlfield tag="008">|           ||||||||||||||||||||||</marc:controlfield>
          <marc:datafield tag="245" ind1="1" ind2="0">
            <marc:subfield code="a">Foto: Abtrennen des Glases von der Pfeife</marc:subfield>
          </marc:datafield>
          <marc:datafield tag="720" ind1=" " ind2=" ">
            <marc:subfield code="a">WMF Württembergische Metallwarenfabrik</marc:subfield>
          </marc:datafield>
          <marc:datafield tag="655" ind1=" " ind2="7">
            <marc:subfield code="a">Fotografie</marc:subfield>
          </marc:datafield>
          <marc:datafield tag="046" ind1=" " ind2=" ">
            <marc:subfield code="k">1955-01-01</marc:subfield>
            <marc:subfield code="k">vor 1955</marc:subfield>
          </marc:datafield>
          <marc:datafield tag="260" ind1=" " ind2=" ">
            <marc:subfield code="g">1955-01-01</marc:subfield>
            <marc:subfield code="g">vor 1955</marc:subfield>
          </marc:datafield>
          <marc:datafield tag="300" ind1=" " ind2=" ">
            <marc:subfield code="a">Höhe: 63 cm (Passepartout)
Breite: 50 cm (Passepartout)
Höhe: 39 cm (sichtbarer Fotoausschnitt)
Breite: 29 cm (sichtbarer Fotoausschnitt)</marc:subfield>
          </marc:datafield>
          <marc:datafield tag="520" ind1=" " ind2=" ">
            <marc:subfield code="a">In Passepartout montiertes Großfoto: Eine Gruppe von drei Glasbläsern beim Abtrennen des geformten Glases von der Blaspfeife und Ansetzen des Hefteisens.  (Städtisches Museum Braunschweig)

Stempel:
"FORMSAMMLUNG // DER STADT // BRAUNSCHWEIG" (in Schwarz, Passepartout-Rückseite)

Aufschrift:
"Glashütte // der Württembergischen Metallwarenfabrik // Geislingen/Steige" (Passepartout-Vorderseite, unten rechts)

Aufschrift:
"5) Abtrennen von der Pfeife. // Ansetzen des Hefteisens" (Passepartout-Vorderseite, unten links)

Stempel:
Löwensignet mit Umschrift "Formsammlung - der Stadt Braunschweig -" (Rundstempel in Dunkelviolett, Passepartout-Rückseite, unten links)

Aufschrift:
"55/125b (5)" (Nummerierung in Blau, Passepartout-Vorderseite, unten links)

Stempel:
"PROF. DR. W. DEXEL // BRAUNSCHWEIG // LÜTZOWSTR. 6 T 2 11 66" (in Schwarz, Passepartout-Rückseite, durchgestrichen)</marc:subfield>
          </marc:datafield>
          <marc:datafield tag="650" ind1="1" ind2=" ">
            <marc:subfield code="a">Grafik, Fotografie &gt; Fotografie</marc:subfield>
          </marc:datafield>
          <marc:datafield tag="650" ind1="1" ind2=" ">
            <marc:subfield code="a">Fotografie</marc:subfield>
          </marc:datafield>
          <marc:datafield tag="650" ind1="1" ind2=" ">
            <marc:subfield code="a">Geislingen an der Steige</marc:subfield>
          </marc:datafield>
          <marc:datafield tag="773" ind1="0" ind2=" ">
            <marc:subfield code="t">Formsammlung</marc:subfield>
          </marc:datafield>
          <marc:datafield tag="852" ind1=" " ind2=" ">
            <marc:subfield code="a">Städtisches Museum Braunschweig</marc:subfield>
          </marc:datafield>
          <marc:datafield tag="" ind1=" " ind2=" ">
            <marc:subfield code="a">Namensnennung - Nicht kommerziell - Keine Bearbeitungen 4.0 International (CC BY-NC-ND 4.0)</marc:subfield>
          </marc:datafield>
        </marc:record>
      </metadata>
    </record>
  </GetRecord>
</OAI-PMH>
